Künstler an der See

Titel: Künstler an der See : "Im Gleichklang mit der unberührten Natur"
Verfasser:
In: Germanisches Nationalmuseum: Anzeiger des Germanischen Nationalmuseums, (1999), Seite 70-76
alle Artikel anzeigen
Veröffentlicht: 1999
Format: Aufsatz
Sprache: Deutsch
Kein Bild verfügbar
X
alg: 39165084
001A    $01999:11-11-16 
001B    $01999:15-05-21 $t21:01:22.000 
001C    $06050:19-11-16 $t09:14:37.000 
001D    $01999:11-11-16 
001U    $0utf8 
001X    $00 
002@    $0Aox 
003@    $039165084X 
007A    $039165084X $aHEB 
007T    $0Herd36624 
010@    $ager 
011@    $a1999 
021A    $aKünstler an der See $d"Im Gleichklang mit der unberührten Natur" 
028A    $aNegendanck $dRuth 
031A    $h70-76 $j1999 
037A    $aBetr. Künstlerkolonien an der Ostsee. Hiddensee, Ahrenshoop, Nidden in der erste Hälfte des 20. Jh. 
037A    $aDot. kolonii artystów nad Bałtykiem. Hiddensee, Ahrenshoop, Nida w pierwszej połowie XX wieku  
039B    $aIn $8--Abvc--Germanisches Nationalmuseum [Tb1]. Anzeiger des Germanischen Nationalmuseums. - Nürnberg : Verlag des Germanischen Nationalmuseums, 1886-. - ISSN 1430-5496 $x199900000000000930 $9047661933 
045F    $a709.4382 $eDDC23BSB 
045F/01 $a709 
045F/03 $g4382 
045F/03 $g43832 
045F/03 $g43816 
045T    $a9,10 

lok: 39165084 78

exp: 39165084 78 1 #EPN
201B/01 $030-07-18 $t22:51:15.000 
201U/01 $0utf8 
203@/01 $0787745391 
208@/01 $a11-11-16 $be 
209A/01 $a/ $f000 $x00 
220C/01 $aTitelaufnehmer: nk;sp 
220C/01 $aAnmerkung: vorher mit ID 15354 verknüpft! 
244Z/01 $2Trx $#Pomeranija $#Pommern $#Pomoransko $#Pomořansko $#Hinterpommern;Vorpommern;Mittelpommern $#Pomorze Środkowe;Pomorze Przednie $#Pomořansko;Západní Pomořany; Pomořany $8--Trx--Pomorze Zachodnie $x01 $9391303775 
244Z/01 $2Trx $#Prusy Wschodnie i Zachodnie $8--Trx--Ost- und Westpreußen $x02 $939113373X 
244Z/01 $2Trx $#Baltijos jūra $#Morze Bałtyckie $#Bałtyk;Bałtyckie Morze $8--Trx--Ostsee $x03 $9391212613 
244Z/01 $2Trx $8--Trx--Hiddensee$gInsel $x04 $9391136992 
244Z/01 $2Trx $8--Trx--Ahrenshoop $x05 $9391279734 
244Z/01 $#Nida $74237589-7 $8--Tg1--Nidden $x06 $9086244353 
244Z/01 $aGeschichte 1900-1945 $x07 
244Z/01 $2Trx $#kunstnikud $#menininkai $#artists $#müvész $#artyści plastycy $#umelci $#umělci $8--Trx--Künstler $x08 $9391365630 
244Z/01 $2Trx $#maalrid $#dailininkai $#painters artists $#festö $#malarze artyści $#maliari $#malíři $8--Trx--Maler$gKünstler $x09 $9391383302 
244Z/01 $2Trx $#kunstnike kolooniad $#menininkų kolonijos $#artist colonies $#müvésztelepülések $#kolonie artystów $#umelecké kolónie $#kolonie umělecké $8--Trx--Künstlerkolonien $x10 $9391353667 
244Z/01 $2Trx $8--Trx--Zeitschriftenaufsatz $x11 $9391384341 
245Z/01 $a11.10 $x01 
247C/01 $82080>Marburg/Lahn, Herder-Institut, Forschungsbibliothek, Bibliographieportal $9336309341
LEADER 00000caa a22000002c 4500
001 39165084X
003 DE-603
005 20210515210122.0
007 tu
008 161111s1999 xx |||| | u00||u|ger c
035 |a (DE-599)HEB39165084X 
040 |a DE-603  |b ger  |c DE-603  |d DE-603 
041 |a ger 
082 0 4 |8 1\u  |a 709.4382  |q DE-101  |2 23/BSB 
084 |a 9,10  |2 ssgn 
085 |8 1\u  |b 709 
085 |8 1\u  |z 2  |s 4382 
085 |8 1\u  |z 2  |s 43832 
085 |8 1\u  |z 2  |s 43816 
100 1 |a Negendanck, Ruth 
245 0 0 |a Künstler an der See  |b "Im Gleichklang mit der unberührten Natur" 
264 0 |c 1999 
500 |a Betr. Künstlerkolonien an der Ostsee. Hiddensee, Ahrenshoop, Nidden in der erste Hälfte des 20. Jh. 
500 |a Dot. kolonii artystów nad Bałtykiem. Hiddensee, Ahrenshoop, Nida w pierwszej połowie XX wieku <pol> 
773 0 8 |i In  |a Germanisches Nationalmuseum  |t Anzeiger des Germanischen Nationalmuseums  |d Nürnberg : Verlag des Germanischen Nationalmuseums, 1886-  |x 1430-5496  |g (1999), Seite 70-76  |w (DE-603)047661933  |w (DE-600)500088-9 
924 0 |9 2080  |a (DE-603)787745391  |b DE-2080  |c HES  |d d  |g /